Taylor Swift - Devine la chanson sans indices #84 - Statistiques

Statistiques générales
  • Ce quiz a été pris 168 fois
  • Le résultat moyen est 193 sur 354
Statistiques - réponses
Réponse % Correct
I
100%
you
100%
You
100%
a
99%
the
97%
be
89%
love
89%
me
87%
we
87%
your
87%
an
86%
to
85%
my
84%
My
84%
on
82%
On
82%
when
81%
in
80%
I'm
79%
is
79%
so
79%
So
79%
That
79%
you're
79%
And
78%
and
78%
It's
76%
it's
76%
know
75%
who
75%
was
74%
this
73%
were
73%
for
71%
hear
69%
don't
68%
Don't
68%
of
67%
not
66%
with
65%
all
64%
But
61%
am
59%
why
59%
have
58%
how
57%
There
57%
could
56%
at
54%
day
54%
had
54%
say
54%
best
53%
if
53%
I've
53%
From
46%
got
46%
now,
46%
now
46%
up
46%
didn't
45%
he's
41%
knew
41%
out
39%
look
38%
Look
38%
back
36%
car
34%
today
34%
His
32%
home
32%
gonna
31%
old
29%
than
29%
their
29%
Even
28%
long
28%
come
27%
eyes
27%
way
27%
friends
26%
or
26%
take
26%
feel
25%
mean
25%
talk
24%
years
24%
better
22%
5
21%
house
20%
getting
19%
whole
19%
cold
18%
little
18%
away
16%
brother
16%
days
16%
father
16%
okay
16%
side
16%
Until
16%
big
15%
drive
15%
world
15%
wrong
15%
change
14%
excellent
14%
fall
14%
laugh
14%
making
14%
ride
14%
sky
14%
7
13%
run
13%
trees
13%
13
12%
3
12%
anything
12%
coat
12%
giving
12%
smiles
12%
crying
11%
found
11%
God
11%
names
11%
pretty
11%
school
11%
shine
11%
stronger
11%
taking
11%
town
11%
chance
10%
far
10%
Snow
10%
age
9%
hold
9%
scared
9%
smiling
9%
talking
9%
wide
9%
near
8%
prettiest
8%
princesses
8%
space
8%
watching
8%
window
8%
dwarfs
7%
forgotten
7%
grew
7%
laughing
7%
Past
7%
shop
7%
strength
7%
video
7%
White's
7%
asleep
6%
Daddy's
6%
gold
6%
hug
6%
Inside
6%
keys
6%
lady
6%
legs
6%
pirate
6%
pumpkin
6%
ships
6%
smart
6%
tight
6%
grab
5%
kitchen
5%
patch
5%
set
5%
enough
4%
rides
4%
Staying
4%
'Till
4%
tractor
4%
paint
2%
Aucun quiz correspondant
Distribution des résultats
% des personnes avec chaque résultat
Percentile par nombre de réponses
Votre historique - résultats
Vous n’avez pas pris ce quiz